Bezdotykové meranie priemeru káblov

Bibliographic Details
Main Author: Čonka, Cyril (Author)
Format: Article
Language:Slovak
PhysicalDescription:Tb. 2. Obr. 3., lit. 9 zázn. v slov., češ., angl.
Subjects:

MARC

LEADER 00000nab a2200000 a 4500
001 vtls000145419
003 SK-MaSNL
005 20260304051130.0
008 250422c1983 xo 0 slo
015 |a SNBRB19rr/mm-uuuuu 
035 |a CL0155526 
035 |a urn:nbn:sk:snk-ab2mcf 
035 |a (urnnbn)urn:nbn:sk:snk:ar-a02n17 
035 |a (uuid)6f811bc2-be06-472d-9615-a3d57a8b64df 
040 |a SNKBUCL  |b slo  |c SNKBUCL  |e AACR2 
041 0 |a slo 
044 |a xo  |c SK 
080 |a 621.317  |2 1981 
100 1 |a Čonka, Cyril  |4 aut  |9 1029835 
245 1 0 |a Bezdotykové meranie priemeru káblov  |c Cyril Čonka 
300 |b Tb. 2. Obr. 3., lit. 9 zázn. v slov., češ., angl. 
650 0 7 |a meranie bezdotykové  |2 snkbucl  |9 1332887 
655 7 |a články z novín a časopisov  |2 snkbucl  |9 267496 
773 0 |t Elektroizolačná a káblová technika - Ekt  |g Roč. 36, č. 1 (1983), s. 30-34 
850 |a Slovenská národná knižnica 
852 |a Slovenská národná knižnica 
954 |a odborná, vedecká literatúra pôvodná (slovenská)  |2 lita 
958 |a article27 
958 |a NB 
958 |a RK 
958 |a OND 
958 |a EUIPO 
992 |a RBX 
999 |c 2702021  |d 2703951